Under the Bright Wings (Record no. 17633)

MARC details
000 -LEADER
fixed length control field 00601nam a2200241 a 4500
020 ## - INTERNATIONAL STANDARD BOOK NUMBER
ISBN 0340580445
082 00 - DEWEY DECIMAL CLASSIFICATION NUMBER
Classification number 261.8362
Author Cutter HAR
100 ## - MAIN ENTRY--AUTHOR NAME
Author name Harris, Peter
245 ## - TITLE STATEMENT
Title Under the Bright Wings
260 ## - PUBLICATION, DISTRIBUTION, ETC. (IMPRINT)
Place of publication Jeddah
Name of publisher Hodder and Stoughton
Year of publication 1993
300 ## - PHYSICAL DESCRIPTION
Number of Pages 176p
500 ## - GENERAL NOTE
General note includes index and biblioraphy
505 2# - FORMATTED CONTENTS NOTE
Formatted contents note Bibliography
650 ## - SUBJECT ADDED ENTRY--TOPICAL TERM
Topical Term Ecology and Christianity
942 ## - ADDED ENTRY ELEMENTS (KOHA)
Koha item type Books
700 1# -
-- Harris, Peter
Holdings
Collection code Home library Current library Date acquired Cost, normal purchase price Full call number Accession Number Koha item type
  Henry Martyn Institute Library Henry Martyn Institute Library 09/21/2010 500.00 261.8362 HAR 11001986 Books
                   Copyright © 2026 | Henry Martyn Institute | Hyderabad | TS-500052 | INDIA | Implemented by hmi.edu.in
Hit-Count:

Powered by Koha